Music Quiz

Random Music or Lyrics Quiz

Kate Bush Running Up That Hill Lyrics Quiz Stats

 Plays Quiz not verified by Sporcle

Challenge
Share
Tweet
Embed
Score 0/285 Timer 10:00
0 Plays Today
Lyrics % Correct
I
99.4%
a
99.4%
I
99.4%
I
99.4%
a
99.4%
I
99.4%
I
99.4%
a
99.4%
I
99.4%
a
99.4%
I
99.4%
that
98.9%
that
98.9%
that
98.9%
that
98.9%
that
98.9%
that
98.9%
that
98.9%
that
98.9%
that
98.9%
that
98.9%
that
98.9%
that
98.9%
that
98.9%
you
98.3%
you
98.3%
you
98.3%
You,
98.3%
you
98.3%
running
98.3%
running
98.3%
running
98.3%
You
98.3%
you
98.3%
You,
98.3%
you
98.3%
you
98.3%
running
98.3%
running
98.3%
running
98.3%
You
98.3%
you
98.3%
you
98.3%
you
98.3%
running
98.3%
running
98.3%
running
98.3%
running
98.3%
running
98.3%
up
97.7%
up
97.7%
hill
97.7%
up
97.7%
up
97.7%
up
97.7%
hill
97.7%
up
97.7%
up
97.7%
up
97.7%
hill
97.7%
up
97.7%
up
97.7%
hill
97.7%
up
97.7%
hill
97.7%
deal
97.2%
deal
97.2%
with
97.2%
deal
97.2%
with
97.2%
deal
97.2%
with
97.2%
With
97.2%
deal
97.2%
with
97.2%
With
97.2%
With
97.2%
me
96%
me?
96%
me
96%
make
96%
God
96%
to
96%
me
96%
me,
96%
me
96%
me
96%
make
96%
God
96%
to
96%
me
96%
me
96%
me
96%
make
96%
God
96%
Lyrics % Correct
to
96%
make
96%
God
96%
to
96%
the
95.5%
the
95.5%
the
95.5%
the
95.5%
It
94.9%
Do
94.9%
it
94.9%
Do
94.9%
it
94.9%
Do
94.9%
and
94.9%
And
94.9%
And
94.9%
and
94.9%
and
94.9%
And
94.9%
And
94.9%
and
94.9%
and
94.9%
And
94.9%
And
94.9%
And
94.9%
road
94.3%
road
94.3%
road
94.3%
road
94.3%
on
93.8%
on
93.8%
on
93.8%
on
93.8%
on
93.8%
Be
93.2%
Be
93.2%
Be
93.2%
be
93.2%
Be
93.2%
Be
93.2%
Be
93.2%
be
93.2%
Be
93.2%
Be
93.2%
Be
93.2%
Be
93.2%
Be
93.2%
if
92.6%
could
92.6%
if
92.6%
could,
92.6%
if
92.6%
could
92.6%
if
92.6%
could,
92.6%
if
92.6%
could
92.6%
if
92.6%
could
92.6%
if
92.6%
could
92.6%
hurt
91.5%
hurt
91.5%
hurt
91.5%
no
90.9%
no
90.9%
no
90.9%
only
89.8%
him
89.8%
places
89.8%
only
89.8%
only
89.8%
him
89.8%
places
89.8%
only
89.8%
only
89.8%
him
89.8%
places
89.8%
only
89.8%
him
89.8%
places
89.8%
only
89.8%
doesn't
89.2%
want
89.2%
want
89.2%
doesn't
89.2%
want
89.2%
want
89.2%
get
88.6%
our
88.6%
our
88.6%
get
88.6%
our
88.6%
get
88.6%
Lyrics % Correct
our
88.6%
get
88.6%
our
88.6%
feel
88.1%
I'd
88.1%
I'd
88.1%
swap
88.1%
I'd
88.1%
I'd
88.1%
swap
88.1%
I'd
88.1%
I'd
88.1%
swap
88.1%
I'd
88.1%
I'd
88.1%
swap
88.1%
how
87.5%
know
87.5%
how
87.5%
know
87.5%
hear
86.9%
building
86.9%
building
86.9%
feels?
85.2%
don't
84.7%
we
84.7%
we
84.7%
don't
84.7%
we?
84.7%
about
83%
darling
83%
Let
83%
darling
83%
come
81.3%
come
81.3%
come
81.3%
come
81.3%
come
81.3%
baby,
80.7%
making?
80.1%
I'm
79.5%
it's
79.5%
I'm
79.5%
in
79.5%
it's
79.5%
It's
79.5%
It's
79.5%
It's
79.5%
problems
79.5%
problems
79.5%
problems
79.5%
experience,
79%
so
78.4%
now
78.4%
So
78.4%
So
78.4%
this
77.8%
Let's
77.8%
See
77.3%
see
77.3%
oh
76.7%
is
76.7%
Is
76.7%
oh
76.7%
oh
76.7%
lies
76.1%
love?
75.6%
deep
75%
exchange
74.4%
moment
73.3%
Oh,
72.7%
from
72.7%
there
72.2%
there
72.2%
angel,
72.2%
hearts
71.6%
unhappy
71.6%
unhappy
71.6%
bullet
71%
thunder
70.5%
Tell
70.5%
for
69.9%
tearing
68.2%
ones
67%
steal
67%
much
65.9%
matter,
65.3%
won't
64.8%
won't
64.8%
asunder
63.6%
both
63.6%
But
61.9%
hate
55.1%
Unaware
52.8%
Say,
47.7%

You're not logged in!

Compare scores with friends on all Sporcle quizzes.
OR
Log In

You Might Also Like...

Show Comments

Extras

Top Quizzes Today


Score Distribution

Your Account Isn't Verified!

In order to create a playlist on Sporcle, you need to verify the email address you used during registration. Go to your Sporcle Settings to finish the process.

Report this User

Report this user for behavior that violates our Community Guidelines.

Details: